| 000 | 01034nam a22002777a 4500 | ||
|---|---|---|---|
| 003 | OSt | ||
| 005 | 20170419171032.0 | ||
| 008 | 170419s2010 spc |||| |||| 000 0 cat|d | ||
| 020 | _a9788492907359 | ||
| 040 |
_aEs-BaCBU _bcat _cCDMR |
||
| 100 | 1 |
_aGuardiet, Romà, _d1946- |
|
| 245 | 1 | 3 |
_aLa Metàfora audiovisual / _cRomà Guardiet |
| 260 |
_aBarcelona : _bTrípodos, _c2010 |
||
| 300 |
_a289 p. ; _c23 cm |
||
| 490 | 1 |
_aPapers d'estudi ; _v24 |
|
| 500 | _aL'editorial Trípodos pertany a la Facultat de Ciències de la Comunicació Blanquerna (Universitat Ramon Llull) | ||
| 504 | _aBibliografia p. 281-289 | ||
| 650 | 7 |
_aMetàfora en la cinematografia _2lemac |
|
| 650 | 7 | _aMetàfora en els mitjans de comunicació de massa | |
| 650 | 7 |
_aMetàfora _xAspectes socials _2lemac |
|
| 650 | 0 | 7 |
_aComunicació audiovisual _2lemac _92084 |
| 650 | 7 |
_aAudiovisuals _xFilosofia _2lemac |
|
| 650 | 7 |
_aNarració (Retòrica) _xMitjans audiovisuals _2lemac |
|
| 710 | 2 |
_aFacultat de Ciències de la Comunicació Blanquerna _93392 |
|
| 942 | _cMON | ||
| 999 |
_c7017 _d7017 |
||